| 000 | 00589nam a2200145Ia 4500 | ||
|---|---|---|---|
| 008 | 170221s9999 xx 000 0 und d | ||
| 100 | _aDiana I. Mamycheva | ||
| 245 | _aInstrumentation Organizational and Economic Support of Labor Motivation of Employees | ||
| 245 | _cDiana I. Mamycheva, Aleksandr V. Melnichuk, Irina V. Taranova, Anatoly I. Chernykh, Elena Yu. Gadzhieva, Vitaly V. Ratiev | ||
| 260 | _bInternational Review of Management and Marketing | ||
| 260 | _c2012 | ||
| 300 | _a: | ||
| 650 | _xMarketing. | ||
| 856 | _uhttp://www.econjournals.com/index.php/irmm/issue/view/70 | ||
| 999 |
_c314016 _d314016 |
||